| 000 | 01029 a2200193 4500 | ||
|---|---|---|---|
| 020 | _a0761935347 | ||
| 020 | _a9780761935346 | ||
| 082 | 0 | 4 | _a791.430954 |
| 090 |
_c1420 _d1420 |
||
| 100 | 1 | _aBose, Derek. | |
| 245 | 1 | 0 |
_aBrand bollywood : _ba new global entertainment order / _cDerek Bose. |
| 260 |
_a[S.l.] : _bSage Publications Pvt. Ltd, _c2006. |
||
| 300 |
_a240 p. ; _c22 cm. |
||
| 500 | _aPaperback. | ||
| 520 | _aBased on original research, this book draws on the author's personal observations and extensive discussions with film makers, media professionals and market players. It is backed by data from a variety of surveys, audit studies and annual reports. Derek Bose uses these sources to arrive at conclusions that place the issue of media convergence in the framework of film development. | ||
| 856 | 4 | 0 |
_3Amazon.com _uhttp://www.amazon.com/exec/obidos/ASIN/0761935347/chopaconline-20 |
| 856 | 4 | 0 |
_3Amazon customer reviews _uhttp://www.chopac.org/cgi-bin/tools/azrev.pl?q=0761935347 |
| 942 |
_aNBS _cBK _k791.430954 |
||
| 999 |
_c343942 _d343942 |
||